000 00469nam a2200217Ia 4500
001 081490
003 YMCAF
005 20230512161336.0
008 100717s2002 ||||||||||||||||| ||und|d
024 _a81490
035 _a20950
040 _aYMCAF
_beng
_cIN-KoLT
041 _aeng
082 _a620.106
_bKAP
100 _aKapoor, B S
245 0 _aExperiments in fluid mechanics
250 _a3rd
260 _bKhanna
_c2002
300 _a244
942 _2ddc
_cBK
999 _c8243
_d8243